Countries With the Most Cats - Statistics

General Stats
  • This quiz has been taken 48 times
  • The average score is 10 of 12
Answers on the Map
Answers color-coded by a green-red scale on the quiz's map according to % correct below.
 
Answer Stats
Answer % Correct
United States
95%
China
88%
Russia
88%
Brazil
86%
Germany
86%
Italy
86%
France
83%
Spain
83%
Japan
81%
United Kingdom
81%
Ukraine
79%
Poland
74%
No matching quizzes found
Score Distribution
Percent of People with Each Score
Percentile by Number Answered
Your Score History
You have not taken this quiz